000 00620nam a2200193 a 4500
001 000011207
005 20240412074224.0
008 091015t1970 dr 001 p spa d
040 _aDO-SdBNP
_bspa
_cBNPHU
082 _aRD861.44
_bL817b
100 1 _aLockward Pérez, Jorge Alfonso,
_d1937-2001
_92059
245 1 0 _aBarro al sol :
_bpoemas /
_cJ. Alfonso Lockward.
260 _aSanto Domingo :
_bLibrería Dominicana,
_c1970.
300 _a69 p. ;
_c20 cm.
590 _aInventariado, 2018/LP
650 0 _aPoesía dominicana
_966
650 0 _aLiteratura dominicana.
_967
910 _aValidado. Control de calidad EMS.
999 _c10926
_d10926